00512nam a2200169 a 450000100060000000300090000600800410001502000180005604000280007408200180010210000220012024501120014226000340025430000100028865000220029865000220032024024CO-ViMGA141112s2004 ck r 000 u spa d a9789687277363 aCO-ViMGAbspacCO-ViMGA04aMe863.6 C818c1 aCuahtemoc, Carlos10aContraveneno : bLos problemas de pareja intoxican el alma, este libro es un antidoto / cCarlos Cuahtemoc aMéxico : bEdicion Original a190p.14aDIVORCIO - NOVELA14aNOVELA - MEXICANA